| 000 | 00489nam a2200157Ia 4500 | ||
|---|---|---|---|
| 008 | 210716s2013 xx 000 0 und d | ||
| 020 | _a9780143419839 | ||
| 041 | _aeng | ||
| 082 | _a658.4092 IYEP | ||
| 100 | _aIyer, Prakash. | ||
| 245 |
_aSecret of leadership: stories to awaken inspire and unleash the leader within. _bStories to awaken inspire and unleash the leader within. |
||
| 250 | _a1 | ||
| 260 |
_aHaryana _bPenguin Books _c2013 |
||
| 300 | _axxii,250 | ||
| 650 | _aLeadership | ||
| 999 |
_c210449 _d210449 |
||